000 00919nmm a2200289 a 4500
001 ocm000965006
003 TR-IsHL
005 20201028150853.0
008 150110s2013 tu tur
007 cr cn
020 _a9789944394079
035 _a965006
_b(N$T)
050 0 4 _aPL248.B354
_bU58 2013
090 0 4 _aPL248.B354
_bU58 2013
100 1 _aBalkan, İlker
245 1 0 _aUmut, kadın ve kristal gül: roman
_h[electronic resource] /
_cİlker Balkan ; ed. Emel Balkan
250 _a2. bs.
260 _aİstanbul :
_bAltın Bilek Yayınları,
_c2013
300 _a151 p.
650 4 _aDil ve Edebiyat
650 4 _aLanguage and Literature
650 0 _aTürk romanı
650 0 _aTurkish fiction
650 7 _aLITERARY COLLECTIONS / Middle Eastern
_2bisacsh
700 1 _aBalkan, Emel
856 4 0 _uhttp://search.ebscohost.com/login.aspx?direct=true&scope=site&db=e011xww&AN=965006
999 _c10706
_d10706